000 00724nam a2200241Ia 4500
003 OSt
005 20220923214759.0
006 a|||||r|||| 00| 0
007 ta
008 220922b |||||||| |||| 00| 0 hin d
024 _a172,681
037 _cTextual
040 _aARTS
_cARTS
_bhin
041 _2hin
_ahin
082 _aO152:3NMA1:1, K6
100 _aमटियानी, शैलेश
_9156369
245 0 _aभागे हुए लोग
246 _aBhāge hue loga
260 _aइलाहाबाद
_b किताब महल
_c1966
300 _a248पृ.
_ccm.
942 _hO152:3NMA1:1, K6
_cTEXL
_2CC
999 _c326689
_d326689